Obxectos

Guardat en:
Dades bibliogràfiques
Format: Llibre
Idioma:espanyol
anglès
Publicat: Santiago de Compostela Colexio Oficial de Arquitectos de Galicia 2001
Edició:1a. ed
Col·lecció:Monografías. Revista de Arte e Arquitectura, 1
Matèries:
Etiquetes: Afegir etiqueta
Sense etiquetes, Sigues el primer a etiquetar aquest registre!

MARC

LEADER 00000nam a2200000 a 4500
001 UCJ9406
003 CL-VaPUC
008 070316e20010000SP |||||||||||||||||spa|d
041 0 7 |a spa  |2 CL-VaPUC 
041 0 7 |a eng  |2 CL-VaPUC 
082 0 4 |a 745.2  |b OBX  |2 21 
245 1 0 |a Obxectos 
246 1 0 |a Objetos 
246 1 0 |a Objects 
250 |a 1a. ed 
300 |a 360 p 
942 |c BK 
945 |d 20070316 00:00:00  |a cmena 
260 |a Santiago de Compostela  |b Colexio Oficial de Arquitectos de Galicia  |c 2001 
650 0 |a Diseño industrial  |9 262726 
650 0 |a Teoría del arte  |9 387638 
650 7 |a OBJETOS  |2 CL-VaPUC  |9 394667 
583 |a last modification  |c 20070316 00:00:00  |k Rodrigo Vera 
490 0 |a Monografías. Revista de Arte e Arquitectura, 1 
999 |c 324934  |d 324932 
952 |0 0  |1 0  |4 0  |6 745_200000000000000_OBX_2001  |7 0  |8 A  |9 405331  |a BIBARQ  |b BIBARQ  |d 2019-11-22  |i 4305167  |o 745.2 OBX 2001  |p 4305167  |r 2025-01-20  |w 2019-11-22  |y BK  |k ARQ